000
00285nam a2200109Ia 4500
001
1262083
005
20260417140404.0
008
260417s9999 xx 000 0 und d
020
_a
9786051857008
245
0
_a
İstanbul Yazıları
_c
Nahid Sırrı Örik
260
_b
Everest Yayınları
999
_c
1262083
_d
1262083